| 000 | nam a22 7a 4500 | ||
|---|---|---|---|
| 999 |
_c44463 _d44463 |
||
| 003 | OSt | ||
| 005 | 20181011131042.0 | ||
| 008 | 181011b xxu||||| |||| 00| 0 eng d | ||
| 040 | _cIIMT COLLEGE OF D. PHARMA | ||
| 100 | _aALI MOHAMMED | ||
| 245 | _aT.B OF PHARMACEUTICAL ORGANIC CHEMISTRY | ||
| 260 |
_aNEW DELHI _bCBS _c2017 |
||
| 300 | _a475 | ||
| 942 |
_2ddc _c02 |
||